Logo BPK

Biblioteka

Politechniki Koszalińskiej

Materiały pomocnicze do inżynierskich zastosowań Turbo C, Turbo C++, Borland C++. / (Rekord nr 4728)

Szczegóły MARC
000 -ETYKIETA REKORDU
podpole kontrolne o stałej długości 01201nam a2200289 i 4500
001 - NUMER KONTROLNY REKORDU
pole kontrolne bg
003 - IDENTYFIKATOR NUMERU KONTROLNEGO REKORDU
podpole kontrolne KOSZ 005
005 - DATA OSTATNIEJ MODYFIKACJI REKORDU
podpole kontrolne 20200212103048.0
008 - POLE O STAŁEJ DŁUGOŚCI - DANE KONTROLNE
podpole kontrolne o stałej długości 950707s1992 pl f f f |000 0 pol d
040 ## - ŹRÓDŁO KATALOGOWANIA
Instytucja, która utworzyła rekord KOSZ 005/HR
Instytucja, która sporządziła opis KOSZ 005/HR
Instytucja, która dokonała modyfikacji KOSZ 005/HR
080 ## - UNIWERSALNA KLASYFIKACJA DZIESIĘTNA - UKD
UKD 004.438
080 ## - UNIWERSALNA KLASYFIKACJA DZIESIĘTNA - UKD
UKD (075.8)
100 1# - NAZWA OSOBOWA
Nazwa osobowa Kacalak, Wojciech
Daty związane z nazwą (1945- )
Określenie rodzaju współpracy Autor
245 #0 - TYTUŁ/ODPOWIEDZIALNOŚĆ
Tytuł Materiały pomocnicze do inżynierskich zastosowań Turbo C, Turbo C++, Borland C++. /
Pozostałe elementy strefy tytułu i oznaczenia odpowiedzialności W. Kacalak.
260 ## - STREFA ADRESU WYDAWNICZEGO
Miejsce wydania Koszalin ;
Nazwa wydawcy/dystrybutora WSI,
Data publikacji, dystrybucji/powstania dokumentu 1992.
336 ## - TYP ZAWARTOŚCI
Źródło (terminu i kodu) rdacontent
Termin opisujący typ zawartości Tekst
Kod określający zawartość txt
337 ## - TYP MEDIÓW
Źródło (terminu i kodu) rdamedia
Tryb odtwarzania Bez urządzenia pośredniczącego
Kod typu mediów n
338 ## - TYP/RODZAJ NOŚNIKA
Źródło (terminu i kodu) rdacarrier
Hasło opisujące typ nośnika Wolumin
Kod typu nośnika nc
380 ## - FORMA I TYP PUBLIKACJI
Forma i typ publikacji Książki
658 ## - TERMIN INDEKSOWY - PRZEDMIOT PROGRAMU NAUCZANIA
Główny przedmiot programu nauczania
655 #4 - TERMIN INDEKSOWY - OKREŚLENIE RODZAJU/FORMY DOKUMENTU
Określenie rodzaju/formy dokumentu Materiały pomocnicze dla szkół wyższych
650 #4 - HASŁO PRZEDMIOTOWE W FORMIE NAZWY OGÓLNEJ LUB JEDNOSTKOWEJ
Nazwa ogólna lub geograficzna C (język programowania)
710 2# - HASŁO DODATKOWE - NAZWA CIAŁA ZBIOROWEGO
Nazwa ciała zbiorowego lub jednostki geograficznej Wydawnictwo Uczelniane (Wyższa Szkoła Inżynierska ; Koszalin)
Nazwa jednostki podrzędnej Wydawnictwo Uczelniane.
856 ## - LOKALIZACJA I DOSTĘP DO ELEKTRONICZNYCH DOKUMENTÓW ZDALNYCH
Link (URL) http://koha.tu.koszalin.pl/cgi-bin/koha/opac-detail.pl?biblionumber=4728
Tekst linku Katalog online BPK
856 ## - LOKALIZACJA I DOSTĘP DO ELEKTRONICZNYCH DOKUMENTÓW ZDALNYCH
Link (URL) http://dlibra.tu.koszalin.pl/dlibra/docmetadata?id=963&from=&dirids=1&ver_id=&lp=1&QI=
Tekst linku Biblioteka Cyfrowa
942 ## - DODATKOWE ELEMENTY (KOHA)
Typ dokumentu Książka
Schemat klasyfikacji Uniwersalna Klasyfikacja Dziesiętna
Egzemplarze
Wycofany Status egzemplarza Uszkodzony Dostępność Lokalizacja stała Lokalizacja bieżąca Miejsce przechowywania Sygnatura Kod kreskowy Ostatnio wypożyczono Typ dokumentu
      Dostępny Biblioteka Politechniki Koszalińskiej Biblioteka Politechniki Koszalińskiej Wypożyczalnia BG P 42003 01207361 13.01.2017 Książka
      Dostępny Biblioteka Politechniki Koszalińskiej Biblioteka Politechniki Koszalińskiej Wypożyczalnia BG P 42004 01154085   Książka
      Dostępny Biblioteka Politechniki Koszalińskiej Biblioteka Politechniki Koszalińskiej Wypożyczalnia BG P 42005 01189018   Książka
      Dostępny Biblioteka Politechniki Koszalińskiej Biblioteka Politechniki Koszalińskiej Wypożyczalnia BG P 42006 01175264   Książka
      Dostępny Biblioteka Politechniki Koszalińskiej Biblioteka Politechniki Koszalińskiej Wypożyczalnia BG P 42006/L 02314044 30.10.2019 Książka
© 2023 Biblioteka Politechniki Koszalińskiej :: KOHA